LIBRARY & INFORMATION CENTRE, KCAET, TAVANUR

ONLINE PUBLIC ACCESS CATALOGUE (OPAC)

Identification of shallow groundwater potential areas in Thuthappuzha sub - basin using GIS technology (Record no. 15143)

MARC details
000 -LEADER
fixed length control field 00875nam a22002177a 4500
003 - CONTROL NUMBER IDENTIFIER
control field OSt
088 ## - REPORT NUMBER
Report number P 223
100 ## - MAIN ENTRY--AUTHOR NAME
Personal name ABDUL SUHAIL
245 ## - TITLE STATEMENT
Title Identification of shallow groundwater potential areas in Thuthappuzha sub - basin using GIS technology
260 ## - PUBLICATION, DISTRIBUTION, ETC. (IMPRINT)
Place of publication Tavanur 2011
Name of publisher Kelappaji College of Agricultural Engineering and Technology
300 ## - PHYSICAL DESCRIPTION
Number of Pages 41
500 ## - GENERAL NOTE
General note Identification of shallow groundwater potential areas in Thuthappuzha sub - basin using GIS technology
520 ## - SUMMARY, ETC.
Summary, etc Identification of shallow groundwater potential areas in Thuthappuzha sub - basin using GIS technology
700 ## - ADDED ENTRY--PERSONAL NAME
Personal name Chithra M. G
700 ## - ADDED ENTRY--PERSONAL NAME
Personal name Deepthy C
700 ## - ADDED ENTRY--PERSONAL NAME
Personal name Jiji P. S
700 ## - ADDED ENTRY--PERSONAL NAME
Personal name Er. Anu Varughese (Guide)
856 ## - ELECTRONIC LOCATION AND ACCESS
Uniform Resource Identifier https://drive.google.com/open?id=1PhZIe9tTE-1I-EMXOyskUsHl2UYilKy5
942 ## - ADDED ENTRY ELEMENTS (KOHA)
Koha item type Project Report
Holdings
Collection code Home library Current library Shelving location Full call number Accession Number Koha item type
Reference KAUAET KAUAET Reference 631.587 ABD/ID P 223 Project Report
free website counter